| 000 | 00864cam a22003015a 4500 | ||
|---|---|---|---|
| 001 | 016973787 | ||
| 003 | OSt | ||
| 005 | 20161017154442.0 | ||
| 008 | 141022s2015 enk frb 001 0 eng d | ||
| 015 |
_aGBB4E4461 _2bnb |
||
| 016 | 7 |
_a016973787 _2Uk |
|
| 020 | _a9781119025764 (pbk.) | ||
| 040 |
_aStDuBDS _beng _cStDuBDS _dUk _dEG-ScBUE |
||
| 082 | 0 | 4 |
_a332.6 _bLEV _222 |
| 100 | 1 | _aLevene, Tony. | |
| 245 | 1 | 0 |
_aInvesting for dummies / _cby Tony Levene. |
| 250 | _a4th ed. | ||
| 260 |
_aChichester : _bJohn Wiley & Sons, _c2015. |
||
| 300 |
_axii, 342 p. ; _c24 cm. |
||
| 500 | _aIndex : p. 327-342. | ||
| 504 | _aIncludes bibliographical references. | ||
| 530 | _aAlso issued online. | ||
| 650 | 7 |
_aInvestments. _2BUEsh _99026 |
|
| 651 | _2BUEsh | ||
| 653 |
_bBUSECO _cOctober2016 |
||
| 690 | 7 |
_aManagement and Business Studies _2blcoll |
|
| 942 | _2ddc | ||
| 999 |
_c22666 _d22638 |
||